| 000 | 00941nam a22002417a 4500 | ||
|---|---|---|---|
| 999 |
_c65767 _d65767 |
||
| 005 | 20240530110842.0 | ||
| 008 | 200915s2020 ua a g b 000 0 ara d | ||
| 017 |
_a2019/15500 _bمصر. دار الكتب |
||
| 020 | _a9789770532669 | ||
| 040 |
_aEG-CaGPL _cEG-CaGPL |
||
| 082 | 0 | 4 |
_221 _a153.94/ _bع ك |
| 100 | 0 | _aعبد الهادى السيد عبده | |
| 245 | 1 | 2 |
_aالكفاءة الشخصية : _bالانفاعلية - الاجتماعية - الاخلاقية / _cعبد الهادى السيد عبده |
| 250 | _aط1. | ||
| 260 |
_aالقاهرة : _bمكتبة الانجلو المصرية ، _c2020. |
||
| 300 |
_a336 ص. : _bايض ؛ _c24 سم. |
||
| 504 | _aيشتمل على ارجاعات ببليوجرافية | ||
| 650 | 0 | 7 |
_2qrmak _aلانفعالات النفسية |
| 650 | 0 | 7 |
_2qrmak _aالدوافع النفسية |
| 651 | _2qrmak | ||
| 942 |
_2ddc _cBK |
||